000 01035nam a22003017a 4500
003 EG-ScBUE
005 20220414114802.0
008 100713s2005 ii f b 000 1 eeng d
020 _a8175811676
040 _aEG-ScBUE
_beng
_erda
_cEG-ScBUE
_dEG-ScBUE
082 0 4 _222
_a821.914
_bLAL
100 1 _916227
_aLall, Ramji,
_eauthor.
245 1 0 _aTed Hughes :
_ban evaluation of selected poems /
_cRamji Lall, M.A., formerly principal, Dyal Singh College, University of Delhi.
250 _aTenth edition.
264 1 _aNew Delhi :
_bRama Brothers India PVT. Ltd.,
_c2005.
300 _ax, 211 pages ;
_c21 cm.
336 _2rdacontent
_atext
_btxt
337 _2rdamedia
_aunmediated
_bn
338 _2rdacarrier
_avolume
_bnc
490 0 _aStudies in modern poets
504 _aIncludes bibliographical references.
600 1 7 _916228
_aHughes, Ted,
_d1930-1998,
_xCriticism and interpretation.
_2BUEsh
650 _2BUEsh
651 _2BUEsh
653 _bHHUUEENN
_cApril2022
655 _vReading book
_934232
942 _2ddc
_cBB
999 _c14468
_d14468